All 100k+ Population Nevada Cities - Statistics

General Stats
  • This quiz has been taken 31 times
  • The average score is 6 of 9
Answer Stats
City Name Population % Correct
Reno 274,915
100%
Las Vegas 660,929
95%
North Las Vegas 284,771
79%
Henderson 337,305
74%
Paradise 186,178
68%
Sparks 110,323
47%
Enterprise 232,043
37%
Spring Valley 219,913
26%
Sunrise Manor 199,099
26%
No matching quizzes found
Score Distribution
Percent of People with Each Score
Percentile by Number Answered
Your Score History
You have not taken this quiz